00374nam a2200145Ia 4500008004100000020001500041041000800056082001900064100003700083245005000120250000600170260003300176300001000209650000900219210716s1987 xx 000 0 und d a0394555287 aeng a333.33092 TRUD aTrump, Donald J; Schwartz, Tony. aTrump: the art of the deal.bArt of the deal. a1 aNew YorkbRandom Housec1987 ax,246 aNone